| 000 | 00000nas##2200000za#4500 |
| 001 | 9.515652 |
| 003 | CaOODSP |
| 005 | 20200325132834 |
| 007 | ta |
| 008 | 150406c1976||||xxc|| p #||||f| |0eng|d |
| 022 | |a0382-1080 |
| 040 | |aCaOODSP|beng |
| 043 | |an-cn--- |
| 086 | 1 |aFs151-10E |
| 110 | 1 |aCanada.|bDepartment of Fisheries and Oceans. |bCanadian Coast Guard. |
| 245 | 10|aLights, buoys and fog signals, Pacific coast, including the coastal waters, rivers and lakes of British Columbia / |cIssued by Maritime Services. |
| 246 | 3 |aList of lights, buoys and fog signals. Pacific Coast |
| 260 | |aOttawa - Ontario : |bFisheries and Oceans Canada. |
| 310 | |aIrregular |
| 362 | 1 |a1976-- |
| 520 | 3 |aProvides the name, position, light characteristics, focal height in metres above the water, normal range, description, and height in metres above the ground for lights, buoys, and fog signals on Canada’s Pacific coast, including the rivers and lakes of British Columbia. |
| 690 | 07|aNavigation systems|2gcpds |
| 775 | 08|tLivre des feux, des bouées et des signaux de brume, côte du Pacifique y compris les eaux côtières, rivières et lacs de la Colombie-Britannique / |w(CaOODSP)9.513974 |
| 776 | 0#|tLights, buoys and fog signals, Pacific coast, including the coastal waters, rivers and lakes of British Columbia |w(CaOODSP)9.505886 |